|
|
|
|
| LEADER |
01095nam a2200289 a 4500 |
| 001 |
16311544 |
| 008 |
130212s2012 mauab b 001 0 eng d |
| 010 |
|
|
|a 2010027788
|
| 020 |
|
|
|a 9780763778903 (pbk.)
|
| 020 |
|
|
|a 0763778907 (pbk.)
|
| 040 |
|
|
|a DNLM/DLC
|c DLC
|d YDX
|d NLM
|d YDXCP
|d CDX
|d DLC
|d BD-DhAAL
|
| 082 |
0 |
0 |
|a 616.9/8
|2 22
|
| 100 |
1 |
|
|a Friis, Robert H.
|
| 245 |
1 |
0 |
|a Essentials of environmental health /
|c Robert H. Friis.
|
| 250 |
|
|
|a 2nd ed.
|
| 260 |
|
|
|a Sudbury, MA :
|b Jones & Bartlett Learning,
|c c2012.
|
| 300 |
|
|
|a xxvi, 442 p. :
|b ill., maps ;
|c 28 cm.
|
| 490 |
1 |
|
|a Essential public health
|
| 504 |
|
|
|a Includes bibliographical references and index.
|
| 541 |
1 |
|
|e 00026633
|
| 650 |
|
0 |
|a Environmental health.
|
| 650 |
1 |
2 |
|a Environmental Health.
|
| 650 |
2 |
2 |
|a Environmental Pollution.
|
| 830 |
|
0 |
|a Essential public health.
|
| 852 |
1 |
|
|a Ayesha Abed Library
|j General Shelf.
|
| 999 |
|
|
|c 13186
|d 13186
|
| 952 |
|
|
|0 0
|1 0
|2 ddc
|4 0
|6 616_980000000000000_FRI
|7 0
|9 21956
|a JPGSPH
|b JPGSPH
|c GEN
|d 2013-02-12
|e Karim International
|g 4360.00
|l 0
|o 616.98 FRI
|p 3060026633
|r 2013-02-12
|t 1
|w 2013-02-12
|y BK
|